000 nam a22 7a 4500
999 _c8744
_d8744
008 180119b ||||| |||| 00| 0 eng d
100 _aNCERT
_95089
245 _aEnvironment Studies
260 _aNew Delhi
_bArya
_c2008